000 00326nam a2200145Ia 4500
005 20251222141833.0
008 251222s9999||||xx |||||||||||||| ||spa||
020 _a8422900519
082 _a863.6/A11
100 _aAbbott, James H.
245 0 _aAzorín y Francia
250 _a1ra.ed.
264 _bSeminarios
942 _cLIB
999 _c7177
_d7177